Eleves de Poudlard Génération Harry Potter - Statistiques

Statistiques générales
  • Ce quiz a été pris 1 473 fois
  • Le résultat moyen est 15 sur 27
Statistiques - réponses
Réponse % Correct
Drago Malefoy
97%
Ron Weasley
96%
Hermione Granger
95%
Harry Potter
92%
Vincent Crabbe
91%
Gregory Goyle
90%
Neville Londubat
82%
Pansy Parkinson
81%
Seamus Finnigan
80%
Dean Thomas
79%
Blaise Zabini
66%
Parvati Patil
65%
Padma Patil
64%
Lavande Brown
60%
Hannah Abbot
55%
Ernie MacMillan
46%
Justin Finch-Fletchley
40%
Millicent Bulstrode
38%
Susan Bones
35%
Theodore Nott
26%
Terry Boot
23%
Anthony Goldstein
21%
Michael Corner
21%
Zacharias Smith
21%
Daphne Greengrass
18%
Lisa Turpin
7%
Mandy Brocklehurst
5%
Aucun quiz correspondant
Distribution des résultats
% des personnes avec chaque résultat
Percentile par nombre de réponses
Votre historique - résultats
Vous n’avez pas pris ce quiz